000 00420pab a2200181 454500
008 180718b1996 xxu||||| |||| 00| 0 eng d
100 _aKirti Singh
245 _aCombatting communalism
260 _c1996
300 _ap.55-59
362 _aMay
650 _aMuslim women - India
650 _aCivil law - India
650 _aCommunalism - India
650 _aCommunalism
773 _aSeminar
909 _a31509
999 _c31509
_d31509